000 00489nam a22001937a 4500
005 20220401123115.0
008 220401b ||||| |||| 00| 0 eng d
040 _cAL
041 _aEnglish
082 _223
_a297
_bVINE
100 _aVinoba
_927298
245 _aEssence of the Quran
260 _aVaranasi
_bSarva Seva Sangh Prakashan
_c2000
300 _a150 p.
_bPB
_c17x12 cm.
365 _c
_d₹15.00
650 _aQuran
_927299
700 _aVINOBA
_927300
942 _2ddc
_cGF
999 _c222141
_d222141